Matériaux magnétiques (notice n° 1791771)
[ vue normale ]
| 000 -LEADER | |
|---|---|
| fixed length control field | 00708cam a2200205 4500500 |
| 005 - DATE AND TIME OF LATEST TRANSACTION | |
| control field | 20260322014840.0 |
| 041 ## - LANGUAGE CODE | |
| Language code of text/sound track or separate title | fre |
| 042 ## - AUTHENTICATION CODE | |
| Authentication code | dc |
| 100 10 - MAIN ENTRY--PERSONAL NAME | |
| Personal name | Bernot, Kevin |
| Relator term | author |
| 245 00 - TITLE STATEMENT | |
| Title | Matériaux magnétiques |
| 260 ## - PUBLICATION, DISTRIBUTION, ETC. | |
| Name of publisher, distributor, etc. | Techniques de l'ingénieur,<br/> |
| Date of publication, distribution, etc. | 2025.<br/> |
| 700 10 - ADDED ENTRY--PERSONAL NAME | |
| Personal name | Champion, Yannick |
| Relator term | author |
| 700 10 - ADDED ENTRY--PERSONAL NAME | |
| Personal name | Combes, Christèle |
| Relator term | author |
| 700 10 - ADDED ENTRY--PERSONAL NAME | |
| Personal name | Ganne, Jean-Pierre |
| Relator term | author |
| 700 10 - ADDED ENTRY--PERSONAL NAME | |
| Personal name | Lebourgeois, Richard |
| Relator term | author |
| 700 10 - ADDED ENTRY--PERSONAL NAME | |
| Personal name | Moncorgé, Richard |
| Relator term | author |
| 700 10 - ADDED ENTRY--PERSONAL NAME | |
| Personal name | Monnereau, Cyrille |
| Relator term | author |
| 700 10 - ADDED ENTRY--PERSONAL NAME | |
| Personal name | Pinard Legry, Gérard |
| Relator term | author |
| 856 41 - ELECTRONIC LOCATION AND ACCESS | |
| Uniform Resource Identifier | <a href="https://stm.cairn.info/techniques-de-l-ingenieur-materiaux-magnetiques--42537210?lang=fr&redirect-ssocas=7080">https://stm.cairn.info/techniques-de-l-ingenieur-materiaux-magnetiques--42537210?lang=fr&redirect-ssocas=7080</a> |
Pas d'exemplaire disponible.




Réseaux sociaux